Prehodnocujú porovnávajúce štúdie Začalo sa rokovanie ministrov zahraničných vecí NATO

Bibliographic Details
Format: Article
Language:Slovak
Subjects:

MARC

LEADER 00000nab a2200000 a 4500
001 vtls000621169
003 SK-MaSNL
005 20260302201105.0
008 160401c1997 xo 0 slo
015 |a SNBRB19rr/mm-uuuuu 
035 |a CL0621308 
040 |a SNKBUCL  |b slo  |c SNKBUCL  |e AACR2 
041 0 |a slo 
044 |a xo  |c SK 
080 |a 327.51(100):341.182  |2 1981 
080 |a 341.182  |2 1981 
245 0 0 |a Prehodnocujú porovnávajúce štúdie  |b Začalo sa rokovanie ministrov zahraničných vecí NATO 
650 0 7 |a NATO  |2 snkbucl  |9 145807 
655 7 |a články z novín a časopisov  |2 snkbucl  |9 267496 
773 0 |t Slovenská republika  |g Roč. 5, č. 123 (30. 5. 1997), s. 7 
850 |a Slovenská národná knižnica v Martine  |a MTA001 
852 |a SNK  |b KIS3GCP 
958 |a RK 
958 |a RBX 
999 |c 1459622  |d 1461552